000 01446nam0a22003011i 4500
001 rc\2158291
005 20240726021439.0
035 _a(NLR Aleph) 006705206
090 _a5285587
_c5285587
100 _a20110829d1979 |||y0rusy50 ca
101 0 _arus
102 _aRU
105 _ay d |||||
200 1 _aМеханизм действия метациклина и бенемицина при лечении острой неосложненной гонореи у мужчин
_e(Клинико-электронномикроскоп. исслед.)
_eАвтореф. дис. на соиск. учен. степ. канд. мед. наук
_e(14.00.11)
210 _aМосква
_d1979
215 _a18 с.
300 _aВ надзаг.: Центр. н.-и. кож.-венерол. ин-т
320 _aБиблиогр.: с. 17-18 (5 назв.)
606 _aРифампицин
_xПрименение
_xВ дерматологии и венерологии
_2psbo
606 _aМетациклин
_xПрименение
_xВ дерматологии и венерологии
_2psbo
606 _aГонорея мужская
_xЛечение
_xЛекарственное лечение
_2psbo
700 1 _aЧочия
_bГ.И.
_gГиви Ионович
801 1 _aRU
_bELAR
_2rusmarc
801 0 _aRU
_bNLR
_gpsbo
852 _aNLR
_j80-4/14130
899 _aRuMoRGB
_jДр 390/1102
899 _aRuMoRGB
_jДр 390/1103
942 _cBOOK